[Event "DEM U16w 2015"]
[Site "Willingen GER"]
[Date "2015.05.29"]
[Round "8"]
[White "Silber, Stefanie"]
[Black "Giede, Anna-Blume"]
[Result "1-0"]
[Termination "normal"]
[Board "12"]
[WhiteElo "1590"]
[BlackElo "1454"]
[PlyCount "77"]
[WhiteFideId "12918245"]
[BlackFideId "12921980"]
[EventCountry "GER"]
[EventRounds "9"]
[EventType "swiss"]
[EventDate "2015.05.23"]

1. e4 c5 2. Nc3 a6 3. Nf3 Nc6 4. d4 cxd4 5. Nxd4 e5 6. Nde2 Bc5 7. Nd5 h6 8.
Nec3 d6 9. Bd2 Nge7 10. a3 O-O 11. Bd3 Bd7 12. g4 Nxd5 13. Nxd5 Bxf2+ 14. Kxf2
Qh4+ 15. Kg1 Bxg4 16. Qe1 Qxe1+ 17. Rxe1 Bf3 18. Kf2 Bxh1 19. Rxh1 Kh8 20. Be3
Rac8 21. c3 b5 22. Rd1 Rfd8 23. Bb6 Rd7 24. a4 Na7 25. Ra1 bxa4 26. Rxa4 Rb8
27. Bxa6 Nc8 28. Bxc8 Rxc8 29. Be3 Rf8 30. b4 f5 31. Ke2 f4 32. Bf2 g5 33. b5
h5 34. b6 g4 35. Ra7 Rff7 36. Rc7 Kg7 37. b7 Rxc7 38. Nxc7 Rxc7 39. b8=Q 1-0

[Event "DEM U16w 2015"]
[Site "Willingen GER"]
[Date "2015.05.30"]
[Round "9"]
[White "Wächter, Nathalie"]
[Black "Moses, Selina"]
[Result "1/2-1/2"]
[Termination "normal"]
[Board "1"]
[WhiteElo "1925"]
[BlackElo "1809"]
[WhiteClock "00:01:24"]
[BlackClock "00:04:13"]
[PlyCount "72"]
[WhiteFideId "12921033"]
[BlackFideId "12908070"]
[EventCountry "GER"]
[EventRounds "9"]
[EventType "swiss"]
[EventDate "2015.05.23"]

1. d4 Nf6 2. c4 g6 3. Nc3 d5 4. e3 Bg7 5. cxd5 Nxd5 6. Nxd5 Qxd5 7. Ne2 O-O 8.
Nc3 Qd8 9. Be2 c5 10. dxc5 Qa5 11. O-O Qxc5 12. Qd5 Nd7 13. Bf3 Bxc3 14. Qxc5
Nxc5 15. bxc3 Bf5 16. Ba3 Rac8 17. Bxc5 Rxc5 18. Bxb7 Rb8 19. Bf3 Rxc3 20. Bd5
e6 21. Bf3 Bd3 22. Rfc1 Rxc1+ 23. Rxc1 Rb2 24. Ra1 Rb1+ 25. Rxb1 Bxb1 26. a3
Bd3 27. Bc6 Kf8 28. f3 Ke7 29. Kf2 e5 30. Bd5 g5 31. Ke1 f6 32. g3 Kd6 33. Bg8
h6 34. Kd2 Ba6 35. Kc3 Kc5 36. Bh7 Bb7 1/2-1/2

[Event "DEM U16w 2015"]
[Site "Willingen GER"]
[Date "2015.05.30"]
[Round "9"]
[White "Ley, Sabrina"]
[Black "Sieber, Fiona"]
[Result "0-1"]
[Termination "normal"]
[Board "2"]
[BlackTitle "WFM"]
[WhiteElo "1702"]
[BlackElo "2104"]
[WhiteClock "00:30:14"]
[BlackClock "00:34:24"]
[PlyCount "94"]
[WhiteFideId "12938130"]
[BlackFideId "12902373"]
[EventCountry "GER"]
[EventRounds "9"]
[EventType "swiss"]
[EventDate "2015.05.23"]

1. d4 Nf6 2. c4 e6 3. Nc3 Bb4 4. Qc2 O-O 5. e4 d5 6. e5 Ne4 7. Nf3 c5 8. Bd2
Nxd2 9. Qxd2 Nc6 10. a3 Ba5 11. cxd5 exd5 12. Be2 Bg4 13. dxc5 Bxf3 14. Bxf3 d4
15. b4 dxc3 16. Qxc3 Bc7 17. Bxc6 bxc6 18. O-O Qd5 19. f4 Rad8 20. Rad1 Qe4 21.
Rxd8 Rxd8 22. Qf3 Qxf3 23. Rxf3 Kf8 24. Kf1 Rd2 25. h3 Ke7 26. Rg3 g6 27. Ke1
Rd4 28. Rf3 Ke6 29. g3 Kf5 30. Ke2 Ke4 31. Re3+ Kd5 32. Rc3 g5 33. Kf3 gxf4 34.
gxf4 Ke6 35. Ke3 Rd1 36. Ke4 Re1+ 37. Kf3 Rf1+ 38. Kg4 h5+ 39. Kg3 f6 40. exf6
Rxf4 41. Re3+ Re4+ 42. Kf3 Rxe3+ 43. Kxe3 Kxf6 44. a4 a6 45. Ke4 Kg5 46. Kf3
Kh4 47. Kg2 Be5 0-1

[Event "DEM U16w 2015"]
[Site "Willingen GER"]
[Date "2015.05.30"]
[Round "9"]
[White "Peters, Theresa"]
[Black "Hartmann, Cora"]
[Result "1/2-1/2"]
[Termination "normal"]
[Board "3"]
[WhiteElo "1647"]
[BlackElo "1585"]
[WhiteClock "00:40:12"]
[BlackClock "00:29:33"]
[PlyCount "49"]
[WhiteFideId "12952192"]
[BlackFideId "16200764"]
[EventCountry "GER"]
[EventRounds "9"]
[EventType "swiss"]
[EventDate "2015.05.23"]

1. e4 d5 2. exd5 Qxd5 3. Nc3 Qa5 4. d4 c6 5. Nf3 Nf6 6. Bd2 Bf5 7. Bc4 e6 8.
O-O Nbd7 9. Re1 Qb6 10. Bb3 Be7 11. Bg5 O-O 12. Ne2 h6 13. Bh4 Rfe8 14. Nc1
Rad8 15. Nd3 Bg4 16. c3 Qc7 17. h3 Bh5 18. Bg3 Bd6 19. Bxd6 Qxd6 20. Bc2 Qd5
21. Nf4 Bxf3 22. Nxd5 Bxd1 23. Nxf6+ Nxf6 24. Raxd1 Nd5 25. Ra1 1/2-1/2

[Event "DEM U16w 2015"]
[Site "Willingen GER"]
[Date "2015.05.30"]
[Round "9"]
[White "Brandl, Lea Maria"]
[Black "Weis, Olga"]
[Result "0-1"]
[Termination "normal"]
[Board "4"]
[WhiteElo "1779"]
[BlackElo "1739"]
[WhiteClock "00:00:44"]
[BlackClock "00:02:38"]
[PlyCount "56"]
[WhiteFideId "24693049"]
[BlackFideId "1270234"]
[EventCountry "GER"]
[EventRounds "9"]
[EventType "swiss"]
[EventDate "2015.05.23"]

1. e4 c5 2. Nf3 e6 3. b3 Nc6 4. Bb2 d6 5. d4 cxd4 6. Nxd4 Nf6 7. Nxc6 bxc6 8.
Bd3 e5 9. O-O Be7 10. Nc3 O-O 11. Ne2 Qb6 12. Ng3 Re8 13. Kh1 Be6 14. Nf5 Bxf5
15. exf5 e4 16. Be2 d5 17. Qd2 Rad8 18. a4 d4 19. f3 Bb4 20. Qg5 e3 21. Rad1 c5
22. Qh4 Nd5 23. g3 Bd2 24. Kg2 Nb4 25. c3 d3 26. cxb4 dxe2 27. Bxg7 exf1=Q+ 28.
Rxf1 Kxg7 0-1

[Event "DEM U16w 2015"]
[Site "Willingen GER"]
[Date "2015.05.30"]
[Round "9"]
[White "Eggert, Daniela"]
[Black "Rogozenco, Teodora"]
[Result "0-1"]
[Termination "normal"]
[Board "5"]
[WhiteElo "1647"]
[BlackElo "1961"]
[WhiteClock "00:20:44"]
[BlackClock "00:19:33"]
[PlyCount "88"]
[WhiteFideId "12991490"]
[BlackFideId "12938084"]
[EventCountry "GER"]
[EventRounds "9"]
[EventType "swiss"]
[EventDate "2015.05.23"]

1. Nf3 d5 2. g3 Nf6 3. Bg2 Bg4 4. c4 c6 5. b3 Nbd7 6. Bb2 e6 7. O-O Be7 8. d4
O-O 9. Nbd2 b5 10. Qc1 Rc8 11. Re1 bxc4 12. bxc4 c5 13. cxd5 cxd4 14. Qd1 e5
15. h3 Bh5 16. g4 Bg6 17. e3 Qb6 18. Qb3 Qa5 19. Nc4 Qa6 20. Nfd2 Rb8 21. Qd1
Bb4 22. Bf1 Qb7 23. Ba3 Bxa3 24. Nxa3 Qxd5 25. exd4 Qxd4 26. Nf3 Qc5 27. Nc4 e4
28. Qd4 exf3 29. Qxc5 Nxc5 30. Ne5 Rfe8 31. Nxf3 Kf8 32. Nd4 Rxe1 33. Rxe1 Rb1
34. Rxb1 Bxb1 35. Nb5 a5 36. Nc3 Bd3 37. Nb5 Ke7 38. Bxd3 Nxd3 39. Nd4 a4 40.
Nf5+ Kf8 41. Nd6 Nd5 42. Nc4 Ke7 43. h4 Ke6 44. Kg2 Ne5 0-1

[Event "DEM U16w 2015"]
[Site "Willingen GER"]
[Date "2015.05.30"]
[Round "9"]
[White "Gatzke, Carolin"]
[Black "Sewald, Kathrin"]
[Result "0-1"]
[Termination "normal"]
[Board "6"]
[WhiteElo "1787"]
[BlackElo "1594"]
[PlyCount "44"]
[WhiteFideId "12943746"]
[BlackFideId "12964557"]
[EventCountry "GER"]
[EventRounds "9"]
[EventType "swiss"]
[EventDate "2015.05.23"]

1. e4 e5 2. Nc3 Nc6 3. Bc4 Bc5 4. Qg4 g6 5. Qf3 f5 6. exf5 Nd4 7. Qe4 d6 8.
fxg6 Nf6 9. Qh4 Be6 10. Bxe6 Nxe6 11. Nge2 Qe7 12. Qa4+ c6 13. b4 Bb6 14. b5 c5
15. Ne4 hxg6 16. Nxf6+ Qxf6 17. Qe4 O-O-O 18. Nc3 Rdf8 19. Rf1 Rxh2 20. Nd5 Qf7
21. a4 Nd4 22. a5 Qxf2+ 0-1

[Event "DEM U16w 2015"]
[Site "Willingen GER"]
[Date "2015.05.30"]
[Round "9"]
[White "Oberhofer, Marie"]
[Black "Christiansen, Anna"]
[Result "1-0"]
[Termination "normal"]
[Board "7"]
[WhiteElo "1694"]
[BlackElo "1359"]
[PlyCount "91"]
[WhiteFideId "12938165"]
[BlackFideId "12952230"]
[EventCountry "GER"]
[EventRounds "9"]
[EventType "swiss"]
[EventDate "2015.05.23"]

1. e4 e5 2. Nf3 Nc6 3. Bb5 a6 4. Ba4 Nf6 5. O-O Nxe4 6. Re1 Nc5 7. Bxc6 dxc6 8.
Nxe5 Be7 9. d4 Ne6 10. c3 O-O 11. Nd2 f6 12. Nef3 Re8 13. Ne4 Nf8 14. Bd2 Bg4
15. h3 Bh5 16. Ng3 Bg6 17. Nh4 Bf7 18. Nhf5 Ng6 19. Nxe7+ Rxe7 20. Qc2 Qd7 21.
Rxe7 Nxe7 22. Re1 Re8 23. a3 b5 24. Qd1 Ng6 25. Rxe8+ Bxe8 26. Qe2 Bf7 27. Qe1
Bd5 28. Ne4 Nh4 29. f3 Qxh3 30. Nxf6+ Kf7 31. gxh3 Nxf3+ 32. Kf2 Nxe1 33. Nxd5
cxd5 34. Bxe1 g5 35. Kf3 Kg6 36. Bg3 c6 37. Be5 a5 38. b4 axb4 39. axb4 h5 40.
Kg3 Kf5 41. Kf3 Kg6 42. Kg3 Kf5 43. h4 g4 44. Kf2 Ke6 45. Ke2 Kf7 46. Ke3 1-0

[Event "DEM U16w 2015"]
[Site "Willingen GER"]
[Date "2015.05.30"]
[Round "9"]
[White "Simon, Tessa"]
[Black "Silber, Stefanie"]
[Result "1/2-1/2"]
[Termination "normal"]
[Board "8"]
[WhiteElo "1903"]
[BlackElo "1590"]
[PlyCount "96"]
[WhiteFideId "12929395"]
[BlackFideId "12918245"]
[EventCountry "GER"]
[EventRounds "9"]
[EventType "swiss"]
[EventDate "2015.05.23"]

1. e4 g6 2. d4 Bg7 3. Nc3 e6 4. Nf3 Ne7 5. Be2 d6 6. O-O Nd7 7. Be3 b6 8. Qd2
Bb7 9. Rad1 O-O 10. Bh6 Nf6 11. Bxg7 Kxg7 12. Bd3 Rc8 13. Rfe1 Qd7 14. e5 Nfd5
15. Ne4 f5 16. Ng3 Nc6 17. a3 Nde7 18. Qg5 h6 19. Nh5+ Kh7 20. Nf6+ Rxf6 21.
Qxf6 d5 22. Qf7+ Kh8 23. Re3 Qe8 24. Qf6+ Kg8 25. Qxe6+ Qf7 26. Qxf7+ Kxf7 27.
c3 g5 28. Ree1 Rg8 29. Nd2 Bc8 30. Nf1 f4 31. Bc2 g4 32. b3 h5 33. c4 h4 34.
cxd5 Nxd5 35. b4 f3 36. g3 hxg3 37. Nxg3 Rh8 38. Bb3 Nce7 39. Ne4 Kg7 40. Bxd5
Nxd5 41. Rc1 Ba6 42. Nf6 Nf4 43. Rxc7+ Kg6 44. Nxg4 Rh4 45. Rc6+ Kg5 46. Ne3
Nh3+ 47. Kh1 Nxf2+ 48. Kg1 Nh3+ 1/2-1/2

[Event "DEM U16w 2015"]
[Site "Willingen GER"]
[Date "2015.05.30"]
[Round "9"]
[White "Denkert, Anna"]
[Black "Grund, Melanie"]
[Result "1-0"]
[Termination "normal"]
[Board "9"]
[WhiteElo "1689"]
[BlackElo "1782"]
[PlyCount "91"]
[WhiteFideId "12938122"]
[BlackFideId "12988804"]
[EventCountry "GER"]
[EventRounds "9"]
[EventType "swiss"]
[EventDate "2015.05.23"]

1. e4 e5 2. Nf3 Nc6 3. Bc4 Bc5 4. d3 Nf6 5. c3 d6 6. h3 Be6 7. Bb3 h6 8. O-O
O-O 9. Re1 Bb6 10. Nbd2 Qd7 11. Nf1 Nh5 12. Bc2 Rfe8 13. Nxe5 Nxe5 14. Qxh5 Nc6
15. d4 Bf5 16. Qf3 Bg6 17. Ne3 Re6 18. Nd5 Ne7 19. Nf4 Rf6 20. Bb3 Nc6 21. e5
dxe5 22. dxe5 Rf5 23. Qg4 h5 24. Qxg6 Nxe5 25. Qg3 Qd6 26. Be3 Qh6 27. Nd5 h4
28. Ne7+ Kf8 29. Nxf5 hxg3 30. Nxh6 gxf2+ 31. Bxf2 Bxf2+ 32. Kxf2 Nd3+ 33. Kf3
Nxe1+ 34. Rxe1 gxh6 35. Kg4 Rd8 36. Rf1 Rd7 37. Kh5 Kg7 38. Rxf7+ Rxf7 39. Bxf7
Kxf7 40. Kxh6 a5 41. g4 Kg8 42. g5 b5 43. g6 b4 44. c4 c5 45. g7 a4 46. b3 1-0

[Event "DEM U16w 2015"]
[Site "Willingen GER"]
[Date "2015.05.30"]
[Round "9"]
[White "Diener, Carolin Valeria"]
[Black "Möller, Hannah"]
[Result "1/2-1/2"]
[Termination "normal"]
[Board "10"]
[WhiteElo "1706"]
[BlackElo "1583"]
[PlyCount "73"]
[WhiteFideId "24699063"]
[BlackFideId "1270514"]
[EventCountry "GER"]
[EventRounds "9"]
[EventType "swiss"]
[EventDate "2015.05.23"]

1. e4 c5 2. Nf3 d6 3. d4 cxd4 4. Qxd4 Nc6 5. Bb5 Bd7 6. Bxc6 Bxc6 7. c4 Nf6 8.
Nc3 g6 9. O-O Bg7 10. Qd3 O-O 11. Nd4 Qb6 12. Nxc6 Qxc6 13. Rb1 Qc5 14. Be3 Qe5
15. Bd4 Qa5 16. a3 Rfc8 17. Bxf6 Bxf6 18. Nd5 Qc5 19. Nxf6+ exf6 20. Rfe1 Re8
21. b4 Qc7 22. Rbd1 Re6 23. Re2 Rae8 24. Rde1 Qe7 25. f3 f5 26. Kf1 f4 27. Qd4
b6 28. Rd1 Qh4 29. Kg1 Qe7 30. Rde1 Qg5 31. Qc3 h5 32. Rd1 Qe7 33. Qc1 Qf6 34.
Rd5 Re5 35. Red2 Rxd5 36. Rxd5 Re5 37. Qd1 1/2-1/2

[Event "DEM U16w 2015"]
[Site "Willingen GER"]
[Date "2015.05.30"]
[Round "9"]
[White "Usczeck, Alina"]
[Black "Giede, Anna-Blume"]
[Result "0-1"]
[Termination "normal"]
[Board "12"]
[WhiteElo "1755"]
[BlackElo "1454"]
[PlyCount "48"]
[WhiteFideId "12938114"]
[BlackFideId "12921980"]
[EventCountry "GER"]
[EventRounds "9"]
[EventType "swiss"]
[EventDate "2015.05.23"]

1. e4 c6 2. Nc3 g6 3. Nf3 Bg7 4. d4 d6 5. h3 Nf6 6. Be3 Nbd7 7. Qd2 c5 8. d5 a6
9. O-O-O b5 10. e5 b4 11. exf6 bxc3 12. Qxc3 Bxf6 13. Qd2 Rb8 14. b3 Nb6 15. c3
Bf5 16. Bxa6 Na4 17. Bd3 Bxd3 18. Qxd3 Nxc3 19. Rd2 Qa5 20. Qc2 Ra8 21. a4 Rb8
22. Bh6 Qb4 23. g4 Qa3+ 24. Qb2 Na2+ 0-1